|
LDR
| 02113cam a2200565 a 4500 |
|---|
| 001 | 54389 |
|---|
| 003 | CZ-PrJAB |
|---|
| 005 | 20191219235009.0 |
|---|
| 007 | ta |
|---|
| 008 | 131022s2013 xr acfhe 001 0bcze d |
|---|
| 015 | | . |
‡acnb002510885 |
|---|
| 020 | | . |
‡a978-80-204-2026-8
‡q(váz.) |
|---|
| 035 | | . |
‡a(CZ PrNK)nkc20132510885 |
|---|
| 035 | | . |
‡a(OCoLC)867820881 |
|---|
| 040 | | . |
‡aOSA001
‡bcze
‡dABA001 |
|---|
| 043 | | . |
‡ae-xr--- |
|---|
| 045 | | . |
‡ax3x9 |
|---|
| 072 | | 7. |
‡a070
‡xNoviny. Tisk. Žurnalistika
‡2Konspekt
‡912 |
|---|
| 072 | | 7. |
‡a929
‡xBiografie
‡2Konspekt
‡98 |
|---|
| 080 | | . |
‡a070.42
‡2MRF |
|---|
| 080 | | . |
‡a32-051
‡2MRF |
|---|
| 080 | | . |
‡a929
‡2MRF |
|---|
| 080 | | . |
‡a314.15-026.49:32
‡2MRF |
|---|
| 080 | | . |
‡a323
‡2MRF |
|---|
| 080 | | . |
‡a(437.3)
‡2MRF |
|---|
| 080 | | . |
‡a(437)
‡2MRF |
|---|
| 080 | | . |
‡a(092)
‡2MRF |
|---|
| 100 | 1 | . |
‡aKosatík, Pavel,
‡d1962-
‡7jn19990201035
‡4aut |
|---|
| 245 | 1 | 0. |
‡aTigrid, poprvé :
‡bprůvodce osudem inteligentního muže ve dvacátém století /
‡cPavel Kosatík |
|---|
| 246 | 3 | 0. |
‡aPrůvodce osudem inteligentního muže ve dvacátém století |
|---|
| 250 | | . |
‡aVyd. 1. |
|---|
| 260 | | . |
‡aPraha :
‡bMladá fronta,
‡c2013 |
|---|
| 300 | | . |
‡a346 s., [32] s. obr. příl. :
‡bil. (některé barev.), portréty, faksim. ;
‡c21 cm |
|---|
| 504 | | . |
‡aObsahuje bibliografii, bibliografické odkazy a rejstřík |
|---|
| 600 | 1 | 7. |
‡aTigrid, Pavel,
‡d1917-2003
‡7jk01132374
‡2czenas |
|---|
| 648 | | 4. |
‡a1939-1996 |
|---|
| 648 | | 7. |
‡a20. století
‡7ch460558
‡2czenas |
|---|
| 650 | 0 | 7. |
‡anovináři
‡7ph123339
‡zČesko
‡y20. století
‡2czenas |
|---|
| 650 | 0 | 7. |
‡apolitici
‡7ph115781
‡zČesko
‡y20. století
‡2czenas |
|---|
| 650 | 0 | 7. |
‡apolitická emigrace
‡7ph124230
‡2czenas |
|---|
| 650 | 0 | 9. |
‡ajournalists
‡zCzechia
‡y20th century
‡2eczenas |
|---|
| 650 | 0 | 9. |
‡apoliticians
‡zCzechia
‡y20th century
‡2eczenas |
|---|
| 650 | 0 | 9. |
‡apolitical emigration
‡2eczenas |
|---|
| 651 | | 7. |
‡aČeskoslovensko
‡7ge131689
‡xspolečnost a politika
‡2czenas |
|---|
| 651 | | 9. |
‡aCzechoslovakia
‡xsociety and politics
‡2eczenas |
|---|
| 655 | | 7. |
‡abiografie
‡7fd131909
‡2czenas |
|---|
| 655 | | 9. |
‡abiography
‡2eczenas |
|---|
| 856 | 4 | 1. |
‡uhttp://krameriusndk.nkp.cz/search/handle/uuid:533789b0-052c-11ea-af21-005056827e52
‡yDigitalizovaný dokument |
|---|
| 910 | | . |
‡aABE461 |
|---|
| 995 | | . |
‡aska |
|---|
| 901 | | . |
‡a54389
‡bAUTOGEN
‡c54389
‡tbiblio |
|---|